000 00674cam a22002171 4500
001 war17000227
003 DLC
005 20260227112811.0
008 830919s1917 dcuk f000 0 eng c
010 _awar17000227
035 _a(OCoLC)9923447
040 _aU.S. Army War Coll. Libr.
_cMBU
_dDLC
042 _apremarc
050 0 0 _aUG23
_b.A6 1917
110 1 _aUnited States.
_bArmy.
_bCorps of Engineers.
245 1 0 _aOrders and regulations, Corps of Engineers, U.S. Army.
260 _aWashington,
_bGovt. Print. Off.,
_c1917.
300 _a558 p.
_bfold. forms.
_c20 cm.
500 _aWar Dept. doc. no. 622.
610 1 0 _aUnited States.
_bArmy.
_bCorps of Engineers.
999 _c92325
_d92325